| 000 | 00944cam a22003017a 4500 | ||
|---|---|---|---|
| 003 | CHAP | ||
| 005 | 20220329141411.0 | ||
| 008 | 971013s1984 r 00010 d | ||
| 010 | _a67552 | ||
| 011 | _a68524 | ||
| 035 | _a77997 | ||
| 040 | _cCHAP | ||
| 090 | _aFolleto 11640 | ||
| 110 |
_aForest Research Institute. Wellington, New Zealand _942333 |
||
| 245 | 0 | _aPampas - recognition of a new forest weed | |
| 260 |
_aWellington : _bThe Institute, _c1984 |
||
| 300 |
_a[6] p. _b: ilus. |
||
| 490 | 0 |
_aWhat's new in forest research _v; 128 |
|
| 590 |
_aBATCH-UPD _b10 _c20130110 _lUCH01 _h0245 |
||
| 590 |
_aBATCH-UPD _b10 _c20130110 _lUCH01 _h2216 |
||
| 590 |
_aCONVERSION _b10 _c20130109 _lUCH01 _h1337 |
||
| 650 | 1 | 4 |
_aCortadeira. _928279 |
| 650 | 1 | 4 |
_aPastos _xMalas hierbas. _986056 |
| 830 | 0 |
_aWhat's new in forest research _v; 128 _9121619 |
|
| 901 | _aBK | ||
| 942 | _cFOLL | ||
| 949 |
_aFolleto 11640 _bBC _cFOLL _d-30870 _eTS1 _i77997 _si |
||
| 999 |
_c67552 _d67552 |
||